Southville International School and Colleges
Your cart is empty.
  • Cart
  • Lists
    Public lists Eva Luna New books Lux_list list_1
    Your lists Log in to create your own lists
  • Log in to your account
  • Your cookies
  • Search history
Southville International School and Colleges
  • Advanced search
  • Recent comments
  • Most popular
  • Libraries

Log in to your account

Log in with GOOGLE


If you do not have an external account, but do have a local account, you can still log in:

  1. Home
  2. MARC view: Science for kids :
Normal view MARC view ISBD view

Science for kids : (Record no. 9149)

[ view plain ]
MARC details
000 -LEADER
fixed length control field 01495pam a2200385 a 4500
001 - CONTROL NUMBER
control field 4850770
003 - CONTROL NUMBER IDENTIFIER
control field SISC
005 - DATE AND TIME OF LATEST TRANSACTION
control field 20160203153654.0
008 - FIXED-LENGTH DATA ELEMENTS--GENERAL INFORMATION
fixed length control field 910315s1992 paua j 001 0 eng
010 ## - LIBRARY OF CONGRESS CONTROL NUMBER
LC control number 91012612
020 ## - INTERNATIONAL STANDARD BOOK NUMBER
International Standard Book Number 9780830619436
Terms of availability
020 ## - INTERNATIONAL STANDARD BOOK NUMBER
International Standard Book Number
Terms of availability
040 ## - CATALOGING SOURCE
Original cataloging agency DLC
Transcribing agency DLC
Modifying agency DLC
042 ## - AUTHENTICATION CODE
Authentication code lcac
050 00 - LIBRARY OF CONGRESS CALL NUMBER
Classification number TA 149
Item number .W66 1992
082 00 - DEWEY DECIMAL CLASSIFICATION NUMBER
Classification number HS 620.0078
Item number W85 1992
100 1# - MAIN ENTRY--PERSONAL NAME
Personal name Wood, Robert W.
Dates associated with a name 1933-
9 (RLIN) 12594
245 10 - TITLE STATEMENT
Title Science for kids :
Remainder of title 39 easy engineering experiments /
Statement of responsibility, etc Robert W. Wood.
250 ## - EDITION STATEMENT
Edition statement 1st ed.
260 ## - PUBLICATION, DISTRIBUTION, ETC. (IMPRINT)
Place of publication, distribution, etc Blue Ridge Summit, PA :
Name of publisher, distributor, etc Tab Books,
Date of publication, distribution, etc c1992.
300 ## - PHYSICAL DESCRIPTION
Extent 132 p. :
Other physical details ill. ;
Dimensions 25 cm.
490 1# - SERIES STATEMENT
Series statement Science for kids series
500 ## - GENERAL NOTE
General note Includes index.
520 ## - SUMMARY, ETC.
Summary, etc Introduces basic ways we use engineering through such projects as making a wind tunnel, building a truss, and testing the action of friction under various conditions.
650 #0 - SUBJECT ADDED ENTRY--TOPICAL TERM
Topical term or geographic name as entry element Engineering
General subdivision Experiments
-- Juvenile literature.
9 (RLIN) 12595
650 #1 - SUBJECT ADDED ENTRY--TOPICAL TERM
Topical term or geographic name as entry element Engineering
General subdivision Experiments.
9 (RLIN) 12596
650 #1 - SUBJECT ADDED ENTRY--TOPICAL TERM
Topical term or geographic name as entry element Experiments.
9 (RLIN) 2007
700 1# - ADDED ENTRY--PERSONAL NAME
Personal name Hoeft, Steve,
Relator term ill.
9 (RLIN) 12597
740 1# - ADDED ENTRY--UNCONTROLLED RELATED/ANALYTICAL TITLE
Uncontrolled related/analytical title 39 easy engineering experiments.
800 1# - SERIES ADDED ENTRY--PERSONAL NAME
Personal name Wood, Robert W.,
Dates associated with a name 1933-
Title of a work Science for kids series.
9 (RLIN) 12598
906 ## - LOCAL DATA ELEMENT F, LDF (RLIN)
a 7
b cbc
c orignew
d 1
e ocip
f 19
g y-gencatlg
942 ## - ADDED ENTRY ELEMENTS (KOHA)
Source of classification or shelving scheme Library of Congress Classification
Koha item type Books
Holdings
Withdrawn status Lost status Source of classification or shelving scheme Damaged status Home library Current library Shelving location Date acquired Total Checkouts Full call number Barcode Date last seen Copy number Price effective from Koha item type
    Library of Congress Classification   Luxembourg Library Luxembourg Library High School Section 08/23/2013   TA 149 .W66 1992 6297 08/23/2013 1 08/23/2013 Books

Science for kids :

APA

Wood R. W., Hoeft S., . (1992). Science for kids. Blue Ridge Summit, PA: Tab Books.

Chicago

Wood Robert W, Hoeft Steve, . 1992. Science for kids. Blue Ridge Summit, PA: Tab Books.

Harvard

Wood R. W., Hoeft S., . (1992). Science for kids. Blue Ridge Summit, PA: Tab Books.

MLA

Wood Robert W, Hoeft Steve, . Science for kids. Blue Ridge Summit, PA: Tab Books. 1992.

  • Place hold
  • Print
  • Cite
  • Add to your cart (remove)
  • Save record
    BIBTEX Dublin Core MARCXML MARC (non-Unicode/MARC-8) MARC (Unicode/UTF-8) MARC (Unicode/UTF-8, Standard) MODS (XML) RIS
  • More searches
    Search for this title in:
    Other Libraries (WorldCat) Other Databases (Google Scholar) Online Stores (Bookfinder.com) Open Library (openlibrary.org)

Exporting to Dublin Core...

SOUTHVILLE LIBRARY

Southville International School and Colleges Library

1281 Tropical Ave. Cor. Luxembourg St., BF Homes International, Las Pinas City

Tel. No. 8256374 / 252358 Loc. 117/146

Powered by Koha